000 00255nam a2200109Ia 4500
008 190906s9999||||xx |||||||||||||| ||und||
100 _a Graham Willcocks
245 0 _aCVs In A Week
260 _aNew Delhi
_bMcGraw -Hill
_c1996
300 _a96
942 _cBK
999 _c6055
_d6055